Las formas de organización emergentes del ciclo de la rebelión popular de diciembre 1993 a junio 2002 en la Argentina /
El artículo presenta una síntesis de los resultados e una investigación cuyo objetivo consistió en conocer las tendencias que siguieron las formas de organización popular a lo largo del ciclo de la rebelión que se desarrolló entre diciembre de 1993 y junio de 2002 en la Argentina. La investigación s...
שמור ב:
| מחבר ראשי: | |
|---|---|
| פורמט: | Texto |
| נושאים: | |
| תגים: |
הוספת תג
אין תגיות, היה/י הראשונ/ה לתייג את הרשומה!
|
MARC
| LEADER | 00000 a a2200000 04500 | ||
|---|---|---|---|
| 001 | 13263 | ||
| 003 | |||
| 040 | |||
| 100 | |a Klachko, Paula | ||
| 245 | |a Las formas de organización emergentes del ciclo de la rebelión popular de diciembre 1993 a junio 2002 en la Argentina / |c Paula Klachko | ||
| 520 | |a El artículo presenta una síntesis de los resultados e una investigación cuyo objetivo consistió en conocer las tendencias que siguieron las formas de organización popular a lo largo del ciclo de la rebelión que se desarrolló entre diciembre de 1993 y junio de 2002 en la Argentina. La investigación sobre las formas de organización se centra sobre los hechos considerados hitos del ciclo de la rebelión de los 90 (y no la totalidad de los hechos), a través de los cuales la autora observa un pasaje de formas más espontáneas a formas más sistemáticas de organización | ||
| 650 | |a ASPECTOS SOCIALES | ||
| 650 | |a REVOLUCION | ||
| 650 | |a MOVIMIENTOS SOCIALES | ||
| 650 | |a ORGANIZACION SOCIAL | ||
| 650 | |a PARTICIPACION SOCIAL | ||
| 650 | |a ARGENTINA | ||
| 773 | |g número 234; páginas 80-101 | ||
| 999 | |c 27123 |d 27123 | ||
